00768nam a22001697a 4500003000900000008004100009040007100050082003300121100003100154245003900185260004700224300003500271440004300306505020200349650001800551650002900569AR-CdUCM190328b ||||| |||| 00| 0 spa d aMUNICIPALIDAD PROVINCIAL DEL CUSCOcBIBLIOTECA MUNICIPAL DEL CUSCO 23ed.a357.08 / bC48 / 1949. aCerda Richart, Baldomero  aOrganización de Contabilidades / aBarcelona /bJuan Bruguer, Editor ;c1949. a216 páginas ;bTablas c21cm aBiblioteca Moderna de Contabilidad n1 aContenido: Introducción al estudio de la organización contable -- Técnicas de la organización contable -- Organización contable de las secciones -- Marcha sistemática de la contabilidad aContabilidad  aOrganización contable